<?xml version="1.0" encoding="UTF-8"?>
<record
    xmlns:xsi="http://www.w3.org/2001/XMLSchema-instance"
    xsi:schemaLocation="http://www.loc.gov/MARC21/slim http://www.loc.gov/standards/marcxml/schema/MARC21slim.xsd"
    xmlns="http://www.loc.gov/MARC21/slim">

  <leader>01086nam a22002057a 4500</leader>
  <controlfield tag="005">20240306112959.0</controlfield>
  <datafield tag="010" ind1=" " ind2=" ">
    <subfield code="a">B-757596-598</subfield>
  </datafield>
  <datafield tag="020" ind1=" " ind2=" ">
    <subfield code="a">9789381932059</subfield>
    <subfield code="c">500.00</subfield>
  </datafield>
  <datafield tag="035" ind1=" " ind2=" ">
    <subfield code="a">B-757596-598</subfield>
  </datafield>
  <datafield tag="037" ind1=" " ind2=" ">
    <subfield code="b">&#x90F;&#x938;. &#x92A;&#x940; . &#x915;&#x94C;&#x936;&#x93F;&#x915; </subfield>
  </datafield>
  <datafield tag="082" ind1=" " ind2=" ">
    <subfield code="a">808</subfield>
  </datafield>
  <datafield tag="100" ind1=" " ind2=" ">
    <subfield code="a">&#x935;&#x930;&#x94D;&#x92E;&#x93E;, &#x939;&#x930;&#x93F;&#x936;&#x930;&#x923; </subfield>
    <subfield code="9">62863</subfield>
  </datafield>
  <datafield tag="245" ind1=" " ind2=" ">
    <subfield code="a">&#x92A;&#x930;&#x93F;&#x936;&#x94D;&#x930;&#x92E;  &#x928;&#x93E;&#x91F;&#x915; -&#x938;&#x902;&#x917;&#x94D;&#x930;&#x939;  /</subfield>
    <subfield code="c">&#x939;&#x930;&#x93F;&#x936;&#x930;&#x923;  &#x935;&#x930;&#x94D;&#x92E;&#x93E;</subfield>
  </datafield>
  <datafield tag="260" ind1=" " ind2=" ">
    <subfield code="a">&#x926;&#x93F;&#x932;&#x94D;&#x932;&#x940; </subfield>
    <subfield code="b">&#x90F;&#x938;. &#x92A;&#x940; . &#x915;&#x94C;&#x936;&#x93F;&#x915; </subfield>
    <subfield code="c">2023</subfield>
  </datafield>
  <datafield tag="270" ind1=" " ind2=" ">
    <subfield code="a">&#x90F;-49, &#x92D;&#x942;-&#x924;&#x932; , &#x917;&#x932;&#x940; &#x928;&#x902;. 6, &#x91C;&#x917;&#x924;&#x92A;&#x941;&#x930;&#x940; &#x90F;&#x915;&#x94D;&#x938;&#x91F;&#x947;&#x902;&#x936;&#x928; ,</subfield>
    <subfield code="b">&#x926;&#x93F;&#x932;&#x94D;&#x932;&#x940; </subfield>
    <subfield code="e">110093</subfield>
  </datafield>
  <datafield tag="300" ind1=" " ind2=" ">
    <subfield code="a">160&#x92A;&#x943;..</subfield>
    <subfield code="c">22&#x938;&#x947;&#x92E;&#x940; (&#x938;&#x91C;&#x93F;&#x932;&#x94D;&#x926;)</subfield>
  </datafield>
  <datafield tag="490" ind1=" " ind2=" ">
    <subfield code="v">&#x92D;&#x93E;&#x917; 1</subfield>
  </datafield>
  <datafield tag="942" ind1=" " ind2=" ">
    <subfield code="2">ddc</subfield>
    <subfield code="c">HN</subfield>
    <subfield code="h">808</subfield>
    <subfield code="m">&#x935;&#x930;&#x94D;&#x92E;&#x93E;&#x939;</subfield>
  </datafield>
  <datafield tag="999" ind1=" " ind2=" ">
    <subfield code="c">200697</subfield>
    <subfield code="d">200697</subfield>
  </datafield>
  <datafield tag="952" ind1=" " ind2=" ">
    <subfield code="0">0</subfield>
    <subfield code="1">0</subfield>
    <subfield code="4">0</subfield>
    <subfield code="7">0</subfield>
    <subfield code="8">FIC</subfield>
    <subfield code="a">L</subfield>
    <subfield code="b">L</subfield>
    <subfield code="d">2024-03-06</subfield>
    <subfield code="e">&#x90F;&#x938;. &#x92A;&#x940; . &#x915;&#x94C;&#x936;&#x93F;&#x915; /2638/11.1.24/93/9.1.24/16.1.24</subfield>
    <subfield code="g">500.00</subfield>
    <subfield code="l">1</subfield>
    <subfield code="o">808 &#x935;&#x930;&#x94D;&#x92E;&#x93E;&#x939;</subfield>
    <subfield code="p">B-757596</subfield>
    <subfield code="r">2024-11-07 00:00:00</subfield>
    <subfield code="s">2024-10-26</subfield>
    <subfield code="t">1</subfield>
    <subfield code="v">500.00</subfield>
    <subfield code="w">2024-03-06</subfield>
    <subfield code="y">HN</subfield>
  </datafield>
  <datafield tag="952" ind1=" " ind2=" ">
    <subfield code="0">0</subfield>
    <subfield code="1">0</subfield>
    <subfield code="4">0</subfield>
    <subfield code="7">0</subfield>
    <subfield code="8">FIC</subfield>
    <subfield code="a">BL1</subfield>
    <subfield code="b">BL1</subfield>
    <subfield code="d">2024-03-06</subfield>
    <subfield code="e">&#x90F;&#x938;. &#x92A;&#x940; . &#x915;&#x94C;&#x936;&#x93F;&#x915; /2638/11.1.24/93/9.1.24/16.1.24</subfield>
    <subfield code="g">500.00</subfield>
    <subfield code="l">0</subfield>
    <subfield code="o">808 &#x935;&#x930;&#x94D;&#x92E;&#x93E;&#x939;</subfield>
    <subfield code="p">B-757597</subfield>
    <subfield code="r">2024-03-06 00:00:00</subfield>
    <subfield code="t">1</subfield>
    <subfield code="v">500.00</subfield>
    <subfield code="w">2024-03-06</subfield>
    <subfield code="y">HN</subfield>
  </datafield>
  <datafield tag="952" ind1=" " ind2=" ">
    <subfield code="0">0</subfield>
    <subfield code="1">0</subfield>
    <subfield code="4">0</subfield>
    <subfield code="7">0</subfield>
    <subfield code="8">FIC</subfield>
    <subfield code="a">BL4</subfield>
    <subfield code="b">BL4</subfield>
    <subfield code="d">2024-03-06</subfield>
    <subfield code="e">&#x90F;&#x938;. &#x92A;&#x940; . &#x915;&#x94C;&#x936;&#x93F;&#x915; /2638/11.1.24/93/9.1.24/16.1.24</subfield>
    <subfield code="g">500.00</subfield>
    <subfield code="l">2</subfield>
    <subfield code="o">808 &#x935;&#x930;&#x94D;&#x92E;&#x93E;&#x939;</subfield>
    <subfield code="p">B-757598</subfield>
    <subfield code="r">2024-08-08 00:00:00</subfield>
    <subfield code="s">2024-07-25</subfield>
    <subfield code="t">1</subfield>
    <subfield code="v">500.00</subfield>
    <subfield code="w">2024-03-06</subfield>
    <subfield code="y">HN</subfield>
  </datafield>
</record>
